The fen management handbook (Record no. 110942)

MARC details
000 -LEADER
fixed length control field 00929cad a22002055a 4500
001 - CONTROL NUMBER
control field E150674
008 - FIXED-LENGTH DATA ELEMENTS--GENERAL INFORMATION
fixed length control field 100816s2010 xxk f 000 0 eng d
020 ## - INTERNATIONAL STANDARD BOOK NUMBER
International Standard Book Number 9781853976322
035 ## - SYSTEM CONTROL NUMBER
System control number (Sirsi) u150674
041 0# - LANGUAGE CODE
Language code of text/sound track or separate title eng
110 2# - MAIN ENTRY--CORPORATE NAME
Corporate name or jurisdiction name as entry element Scottish Natural Heritage
9 (RLIN) 2794
245 04 - TITLE STATEMENT
Title The fen management handbook
Medium [electronic resource]
260 ## - PUBLICATION, DISTRIBUTION, ETC.
Place of publication, distribution, etc. Redgorton
Name of publisher, distributor, etc. SNH
Date of publication, distribution, etc. 2010
520 ## - SUMMARY, ETC.
Summary, etc. Provides background information on fens and offers guidance on their management. Includes case studies to illustrate best practice. The handbook will be useful for anyone interested or involved in managing, creating or restoring fens.
590 ## - LOCAL NOTE (RLIN)
Local note KA
651 #4 - SUBJECT ADDED ENTRY--GEOGRAPHIC NAME
Geographic name Scotland
Chronological subdivision 1999-
690 ## - LOCAL SUBJECT ADDED ENTRY--TOPICAL TERM (OCLC, RLIN)
Topical term or geographic name as entry element ENVIRONMENTAL AND LAND CONSULTANCY-ENVIRONMENTAL MANAGEMENT
856 40 - ELECTRONIC LOCATION AND ACCESS
Uniform Resource Identifier <a href="https://www.snh.gov.uk/about-scotlands-nature/habitats-and-ecosystems/lochs-rivers-and-wetlands/fen/">https://www.snh.gov.uk/about-scotlands-nature/habitats-and-ecosystems/lochs-rivers-and-wetlands/fen/</a>
Public note View the handbook free of charge at www.snh.gov.uk
942 ## - ADDED ENTRY ELEMENTS (KOHA)
Suppress in OPAC 0
Holdings
Withdrawn status Lost status Source of classification or shelving scheme Damaged status Not for loan Home library Current library Shelving location Date acquired Total Checkouts Full call number Barcode Date last seen Copy number Price effective from Koha item type
    Dewey Decimal Classification     Virtual Virtual Online 16/08/2010   ONLINE PUBLICATION 150674-2001 06/08/2019 1 06/08/2019 Book